000 00649nam a2200193 a 4500
003 SISC
005 20170125113912.0
008 121112s19uu xx 00 eng d
020 _a9780415884891
050 _aHD 60
_b.K484 2012
100 _aKickul, Jill R.
245 _aUnderstanding social entrepreneurship :
_bthe relentless pursuit of mission in an ever changing world /
_cJill Kickul, Thomas S. Lyons.
260 _aNew York, United States :
_bRoutledge,
_c2012.
300 _axxviii, 268 pages :
_billustrations ;
_c26 cm.
650 _aSocial entrepreneurship.
700 _aLyons, Thomas S.
942 _cBK
_2lcc
_kFOR
999 _c25420
_d25420